000 00505nam a22001932 4500
001 0000001462
005 20170406113444.0
008 140113s xx 000 0 eng d
020 _c$
040 _aYour Holding Symbol
_cYour Holding Symbol
100 1 _aButterfield Fox.
245 1 0 _aChina :
_balive in the bitter sea.
250 _a ed.
260 _anew york :
_bBatanm books,
_c1982.
300 _a468 p. ;
_c cm.
504 _aindex.
650 0 _achina.
908 _a140113
999 _c1375
_d1375